[Event "27th CRO-chT 1B-Men 2018"]
[Site "Biograd"]
[Date "2018.09.23"]
[Round "9.18"]
[White "Grgurevic, Boris"]
[Black "Horvat, Sasa"]
[Result "1-0"]
[WhiteElo "2145"]
[BlackElo "2175"]
[Annotator "TA"]
[PlyCount "89"]
[EventDate "2018.09.15"]
[EventType "team-tourn"]
[EventCountry "CRO"]
[SourceTitle "playchess.com"]
[Source "ChessBase"]
[SourceQuality "1"]

{[%evp 9,89,27,32,21,5,0,33,2,8,0,4,2,11,-11,3,6,5,-10,-10,-19,0,-14,0,-11,8,0,16,0,8,0,18,16,39,39,260,264,265,265,265,265,265,264,268,233,273,268,416,416,411,408,406,397,444,441,450,429,461,471,522,514,738,733,709,540,1706,1542,5189,4822,1847,2198,29969,29967,29973,29970,29985,29984,29975,29975,29974,29972,29975,29976]} 1. e4 d5 2. exd5 Nf6 3. Bb5+ Bd7 4. Be2 Bf5 (4... Nxd5 5. d4 Bf5 6. Nf3 e6 7. h3 Nb4 8. Na3 Be7 9. c3 Nd5 10. Nc4 O-O {½-½ (10) Delgado Ramirez,N (2602)-Matsuura,E (2492) Brasilia 2018}) 5. Nc3 Nxd5 6. Nxd5 {B01: Scandinavian Defence} Qxd5 7. Bf3 Be4 8. d3 {White is slightly better.} (8. Qe2 {is interesting.} Bxf3 9. Nxf3 c5 10. c4 Qf5 11. d4) 8... Bxf3 9. Qxf3 $146 ({Predecessor:} 9. Nxf3 e6 10. O-O Bd6 11. c4 Qh5 {½-½ (34) Philipp,G-Fischer,R Dresden 2001}) 9... Qxf3 10. Nxf3 Nc6 11. Bd2 e5 12. O-O-O f6 13. Bc3 O-O-O 14. Nd2 Bc5 15. Rhf1 Rhe8 16. Rde1 h6 17. Ne4 Bb6 18. f4 exf4 19. Rxf4 Ne7 20. Rff1 Nd5 21. Bd2 c6 $2 {[#]} (21... Ne7 $14) 22. Nd6+ $1 $18 {[%mdl 512]} Kd7 (22... Rxd6 23. Rxe8+) 23. Nxe8 Rxe8 24. Rxe8 Kxe8 {[%mdl 4096] Endgame KRB-KBN} 25. c4 Nc7 26. Re1+ Kf7 27. Be3 c5 (27... Bxe3+ $142 28. Rxe3 c5) 28. b4 cxb4 29. Bxb6 axb6 {KR-KN} 30. Kd2 b5 31. Rb1 bxc4 {intending ...c3+.} 32. dxc4 Na6 {[#]} 33. a3 $1 {[%mdl 512]} bxa3 34. Rxb7+ Kg6 {Hoping for ...a2.} 35. Ra7 Nc5 36. Rxa3 h5 37. Ke3 f5 38. Kd4 Ne4 39. c5 {[%cal Bc4c5,Bc5c6][%mdl 32]} h4 40. c6 {White mates.} Nd6 41. Kc5 Ne4+ 42. Kd5 Nf6+ 43. Ke6 Ne8 44. Kd7 Nf6+ 45. Kd8 {Precision: White = 52%, Black = 24%.} 1-0

[Event "27th CRO-chT 1B-Men 2018"]
[Site "Biograd"]
[Date "2018.09.24"]
[Round "9.19"]
[White "Srbis, Jurica"]
[Black "Sprenger, Jan Michael"]
[Result "1/2-1/2"]
[WhiteElo "2428"]
[BlackElo "2490"]
[Annotator "TA"]
[PlyCount "28"]
[EventDate "2018.09.15"]
[EventType "team-tourn"]
[EventCountry "CRO"]
[SourceTitle "playchess.com"]
[Source "ChessBase"]
[SourceQuality "1"]

{[%evp 17,18,2,12]} 1. d4 Nf6 2. c4 e6 3. Nf3 b6 4. a3 Ba6 5. e3 d5 6. Nbd2 c5 {E12: Queen's Indian: Unusual White 4th moves, 4 a3, 4 Nc3 Bb7 5 a3 and 4 Nc3 Bb7} 7. dxc5 Bxc5 8. b4 Be7 9. Bb2 O-O {LiveBook: 4 Games} {Predecessor:} 10. Bd3 $146 Nbd7 11. O-O Bb7 12. Qb1 h6 13. Bd4 Bd6 14. cxd5 Nxd5 {0-1 (64) Smith,A (2488)-Efimenko,Z (2703) Rogaska Slatina 2011} 1/2-1/2

[Event "27th CRO-chT 1B-Men 2018"]
[Site "Biograd"]
[Date "2018.09.24"]
[Round "9.20"]
[White "Seyb, Alexander"]
[Black "Ostovic, Matija"]
[Result "1-0"]
[WhiteElo "2388"]
[BlackElo "2390"]
[Annotator "ChessBase"]
[PlyCount "107"]
[EventDate "2018.09.15"]
[EventType "team-tourn"]
[EventCountry "CRO"]
[SourceTitle "playchess.com"]
[Source "ChessBase"]
[SourceQuality "1"]
[TimeControl "40/5400+30:1800+30"]

1. e4 {[%emt 0:00:30]} c5 {[%emt 0:03:30]} 2. Nf3 {[%emt 0:00:00]} d6 {[%emt 0:00:30]} 3. d4 {[%emt 0:00:00]} cxd4 {[%emt 0:00:00]} 4. Nxd4 {[%emt 0:00:00]} Nf6 {[%emt 0:00:00]} 5. Nc3 {[%emt 0:00:00]} a6 {[%emt 0:00:30]} 6. g3 {[%emt 0:00:00]} e5 {[%emt 0:00:00]} 7. Nde2 {[%emt 0:00:00]} Be7 {[%emt 0:01:00]} 8. Bg2 {[%emt 0:00:30]} O-O {[%emt 0:00:30]} 9. O-O {[%emt 0:00:00]} Nbd7 {[%emt 0:05:30]} 10. a4 {[%emt 0:00:00]} b6 {[%emt 0:03:30]} 11. Nd5 {[%emt 0:00:30]} Nxd5 {[%emt 0:05:30]} 12. Qxd5 {[%emt 0:00:00]} Rb8 {[%emt 0:01:30]} 13. Nc3 {[%emt 0:00:00]} Nf6 {[%emt 0:04:30]} 14. Qd3 {[%emt 0:03:30]} Qc7 {[%emt 0:01:30]} 15. Rd1 {[%emt 0:22:30]} h6 {[%emt 0:06:30]} 16. Be3 {[%emt 0:08:30]} Rd8 {[%emt 0:04:30]} 17. Qe2 {[%emt 0:05:30]} Be6 {[%emt 0:22:30]} 18. Nd5 {[%emt 0:17:30]} Nxd5 {[%emt 0:02:30]} 19. exd5 {[%emt 0:00:30]} Bc8 {[%emt 0:00:30]} 20. Rd3 {[%emt 0:03:30]} Qc4 {[%emt 0:00:30]} 21. b3 {[%emt 0:02:30]} Qc7 {[%emt 0:02:30]} 22. a5 {[%emt 0:03:30]} bxa5 {[%emt 0:01:30]} 23. Qd2 {[%emt 0:00:30]} Bd7 {[%emt 0:02:30]} 24. Rc3 {[%emt 0:02:30]} Qb7 {[%emt 0:00:30]} 25. Rxa5 {[%emt 0:00:30]} Bb5 {[%emt 0:01:30]} 26. Bf1 {[%emt 0:00:30]} Bxf1 {[%emt 0:09:30]} 27. Kxf1 {[%emt 0:00:30]} Rdc8 {[%emt 0:03:21]} 28. Rxc8+ {[%emt 0:00:30]} Qxc8 {[%emt 0:01:19]} 29. Qd3 {[%emt 0:00:30]} Rb5 {[%emt 0:01:33]} 30. Rxb5 {[%emt 0:05:30]} axb5 {[%emt 0:00:09]} 31. h4 {[%emt 0:00:30]} Qh3+ {[%emt 0:02:02]} 32. Ke2 {[%emt 0:02:30]} Qd7 {[%emt 0:02:17]} 33. Kd2 {[%emt 0:03:58]} f5 {[%emt 0:00:52]} 34. h5 {[%emt 0:04:43]} Bf6 {[%emt 0:00:31]} 35. f3 {[%emt 0:01:56]} Qf7 {[%emt 0:11:17]} 36. Qxb5 {[%emt 0:03:01]} Qxh5 {[%emt 0:00:09]} 37. Qe2 {[%emt 0:00:14]} f4 {[%emt 0:01:04]} 38. gxf4 {[%emt 0:01:50]} exf4 {[%emt 0:00:09]} 39. Bxf4 {[%emt 0:00:04]} Qxd5+ {[%emt 0:00:05]} 40. Qd3 {[%emt 0:00:00]} Qxd3+ {[%emt 0:00:00]} 41. Kxd3 {[%emt 0:01:44]} Be7 {[%emt 0:22:02]} 42. Ke4 {[%emt 0:00:30]} Kf7 {[%emt 0:01:02]} 43. Kd5 {[%emt 0:01:30]} g5 {[%emt 0:01:27]} 44. Bh2 {[%emt 0:02:30]} Ke8 {[%emt 0:01:00]} 45. b4 {[%emt 0:02:30]} Kd7 {[%emt 0:00:36]} 46. c4 {[%emt 0:00:30]} h5 {[%emt 0:01:59]} 47. b5 {[%emt 0:00:30]} g4 {[%emt 0:01:41]} 48. fxg4 {[%emt 0:00:00]} hxg4 {[%emt 0:00:02]} 49. Bg3 {[%emt 0:00:00]} Bg5 {[%emt 0:03:47]} 50. Bxd6 {[%emt 0:01:30]} Bh4 {[%emt 0:00:26]} 51. c5 {[%emt 0:03:30]} g3 {[%emt 0:02:58]} 52. c6+ {[%emt 0:00:30]} Ke8 {[%emt 0:00:08]} 53. Ke6 {[%emt 0:00:00]} Kd8 {[%emt 0:00:30]} 54. b6 {[%emt 0:00:00]} 1-0

[Event "27th CRO-chT 1B-Men 2018"]
[Site "Biograd"]
[Date "2018.09.23"]
[Round "9.21"]
[White "Ivekovic, Zvonimir"]
[Black "Rade, Miroslav"]
[Result "1/2-1/2"]
[WhiteElo "2424"]
[BlackElo "2395"]
[Annotator "TA"]
[PlyCount "46"]
[EventDate "2018.09.15"]
[EventType "team-tourn"]
[EventCountry "CRO"]
[SourceTitle "playchess.com"]
[Source "ChessBase"]
[SourceQuality "1"]

{[%evp 16,46,20,-21,8,-170,-170,-187,0,0,94,-45,-45,-49,-39,-54,-33,-45,-28,-62,-23,-21,-22,-28,-24,-26,-12,-23,-24,-27,8,10,34]} 1. e4 e5 2. Nf3 Nc6 3. d4 exd4 4. Nxd4 Bc5 5. Nb3 Bb6 6. Nc3 Nf6 7. Qe2 {C45: Scotch Game} a5 8. a4 O-O 9. Bg5 {LiveBook: 5 Games} Nd4 10. Qd3 $2 (10. Qd2 $11 {and White has nothing to worry.} Nxb3 11. cxb3) 10... Nxb3 $19 11. cxb3 {[#]} h6 $2 ({Better is} 11... Bxf2+ $1 $19 {[%mdl 512]} 12. Kd2 (12. Kxf2 Ng4+) 12... h6 13. Bxf6 Qxf6) 12. Bh4 $11 d5 $146 (12... c6 $11) ({Predecessor:} 12... c6 13. O-O-O d5 14. exd5 cxd5 15. Bxf6 Qxf6 16. Nxd5 Qxf2 {½-½ (72) Vitiugov,N (2730)-Oparin,G (2609) Linares 2018}) 13. exd5 ({White should try} 13. Nxd5 $16 g5 14. Nxb6 cxb6 15. Bg3) 13... Re8+ 14. Be2 Bg4 15. O-O-O {And now Bxg4 would win.} Bxe2 16. Nxe2 {[#]} Qxd5 $1 {[%mdl 512]} 17. Nc3 (17. Qxd5 Nxd5) 17... Qxd3 ({Weaker is} 17... Qxg2 18. Bxf6 Bxf2 19. Nd5 $16) (17... Qe6 {with more complications.} 18. f3 g5 19. Bg3 Qxb3 20. Rhe1 Re6) 18. Rxd3 Ne4 19. Nxe4 Rxe4 20. Bg3 f5 {White must now prevent ...f4.} 21. f3 Re2 {White should prevent ...Rae8.} 22. Re1 Rae8 23. Kd1 R2e7 {Precision: White = 25%, Black = 47%.} 1/2-1/2

[Event "27th CRO-chT 1B-Men 2018"]
[Site "Biograd"]
[Date "2018.09.24"]
[Round "9.22"]
[White "Muha, Miljenko"]
[Black "Mathe, Gaspar"]
[Result "1-0"]
[WhiteElo "2364"]
[BlackElo "2308"]
[Annotator "ChessBase"]
[PlyCount "61"]
[EventDate "2018.09.15"]
[EventType "team-tourn"]
[EventCountry "CRO"]
[SourceTitle "playchess.com"]
[Source "ChessBase"]
[SourceQuality "1"]
[TimeControl "40/5400+30:1800+30"]

1. d4 {[%emt 0:00:30]} Nf6 {[%emt 0:00:30]} 2. c4 {[%emt 0:00:00]} e6 {[%emt 0:00:00]} 3. Nf3 {[%emt 0:00:00]} d5 {[%emt 0:01:00]} 4. e3 {[%emt 0:00:30]} Be7 {[%emt 0:03:30]} 5. b3 {[%emt 0:00:30]} O-O {[%emt 0:01:30]} 6. Bd3 {[%emt 0:00:30]} b6 {[%emt 0:00:30]} 7. O-O {[%emt 0:00:00]} Nbd7 {[%emt 0:01:30]} 8. Bb2 {[%emt 0:01:00]} c5 {[%emt 0:01:30]} 9. Nbd2 {[%emt 0:00:30]} cxd4 {[%emt 0:01:30]} 10. exd4 {[%emt 0:01:30]} Bb7 {[%emt 0:01:30]} 11. Qe2 {[%emt 0:02:30]} Rc8 {[%emt 0:00:30]} 12. Rac1 {[%emt 0:04:30]} Re8 {[%emt 0:03:30]} 13. Rfd1 {[%emt 0:00:30]} Rc7 {[%emt 0:00:30]} 14. Ne5 {[%emt 0:06:30]} Nxe5 {[%emt 0:01:30]} 15. dxe5 {[%emt 0:05:30]} Nd7 {[%emt 0:00:30]} 16. cxd5 {[%emt 0:05:30]} Bxd5 {[%emt 0:01:30]} 17. Nc4 {[%emt 0:07:30]} Qb8 {[%emt 0:05:30]} 18. h4 {[%emt 0:06:30]} Nf8 {[%emt 0:07:30]} 19. h5 {[%emt 0:00:30]} h6 {[%emt 0:01:30]} 20. Bb1 {[%emt 0:10:30]} Rec8 {[%emt 0:04:30]} 21. Ne3 {[%emt 0:11:30]} Rxc1 {[%emt 0:01:30]} 22. Bxc1 {[%emt 0:01:30]} Qxe5 {[%emt 0:14:30]} 23. Bb2 {[%emt 0:00:30]} Qg5 {[%emt 0:00:30]} 24. Rd4 {[%emt 0:01:30]} f5 {[%emt 0:06:30]} 25. Nxd5 {[%emt 0:01:30]} exd5 {[%emt 0:00:30]} 26. Rxd5 {[%emt 0:00:30]} Rc5 {[%emt 0:01:30]} 27. Rxc5 {[%emt 0:03:30]} Bxc5 {[%emt 0:00:30]} 28. b4 {[%emt 0:01:30]} Bd6 {[%emt 0:02:30]} 29. Qc4+ {[%emt 0:00:30]} Kh8 {[%emt 0:00:30]} 30. Qf7 {[%emt 0:05:30]} Qg4 {[%emt 0:07:30]} 31. Bc2 {[%emt 0:01:30]} 1-0

[Event "27th CRO-chT 1B-Men 2018"]
[Site "Biograd"]
[Date "2018.09.24"]
[Round "9.23"]
[White "Vrban, Mladen"]
[Black "Ivic, Mateo"]
[Result "1/2-1/2"]
[WhiteElo "2280"]
[BlackElo "2223"]
[Annotator "ChessBase"]
[PlyCount "60"]
[EventDate "2018.09.15"]
[EventType "team-tourn"]
[EventCountry "CRO"]
[SourceTitle "playchess.com"]
[Source "ChessBase"]
[SourceQuality "1"]
[TimeControl "40/5400+30:1800+30"]

1. c4 {[%emt 0:00:30]} Nf6 {[%emt 0:00:30]} 2. Nc3 {[%emt 0:00:30]} g6 {[%emt 0:00:30]} 3. e4 {[%emt 0:00:00]} d6 {[%emt 0:00:30]} 4. d4 {[%emt 0:01:00]} Bg7 {[%emt 0:00:30]} 5. f3 {[%emt 0:00:30]} O-O {[%emt 0:01:30]} 6. Be3 {[%emt 0:00:00]} b6 {[%emt 0:05:30]} 7. Bd3 {[%emt 0:00:00]} a6 {[%emt 0:02:30]} 8. Nge2 {[%emt 0:01:30]} c5 {[%emt 0:04:30]} 9. e5 {[%emt 0:31:30]} Nfd7 {[%emt 0:03:30]} 10. Be4 {[%emt 0:14:30]} Ra7 {[%emt 0:02:30]} 11. exd6 {[%emt 0:06:30]} exd6 {[%emt 0:00:30]} 12. Qd2 {[%emt 0:04:30]} Nf6 {[%emt 0:08:30]} 13. Bf4 {[%emt 0:25:16]} Rd7 {[%emt 0:12:30]} 14. Ba8 {[%emt 0:03:35]} Bb7 {[%emt 0:04:30]} 15. Bxb7 {[%emt 0:00:08]} Rxb7 {[%emt 0:00:00]} 16. O-O {[%emt 0:03:05]} Nc6 {[%emt 0:02:00]} 17. d5 {[%emt 0:00:41]} Ne5 {[%emt 0:03:30]} 18. Bxe5 {[%emt 0:01:40]} dxe5 {[%emt 0:00:30]} 19. Ng3 {[%emt 0:01:26]} Ne8 {[%emt 0:01:30]} 20. a4 {[%emt 0:01:15]} Nd6 {[%emt 0:00:30]} 21. b3 {[%emt 0:00:09]} f5 {[%emt 0:00:30]} 22. Rad1 {[%emt 0:00:58]} Qh4 {[%emt 0:02:30]} 23. Nge2 {[%emt 0:00:58]} Bh6 {[%emt 0:03:30]} 24. Qe1 {[%emt 0:00:16]} Be3+ {[%emt 0:00:30]} 25. Kh1 {[%emt 0:00:01]} Qh6 {[%emt 0:00:30]} 26. Ng1 {[%emt 0:00:58]} Re8 {[%emt 0:03:30]} 27. Rd3 {[%emt 0:00:33]} Bd4 {[%emt 0:00:30]} 28. Nce2 {[%emt 0:00:20]} Rbe7 {[%emt 0:01:30]} 29. Qg3 {[%emt 0:00:35]} f4 {[%emt 0:10:30]} 30. Qh3 {[%emt 0:00:27]} Qg5 {[%emt 0:00:30]} 1/2-1/2

[Event "27th CRO-chT 1B-Men 2018"]
[Site "Biograd"]
[Date "2018.09.24"]
[Round "9.24"]
[White "Susak, Zeljko"]
[Black "Matijevic, Hrvoje"]
[Result "1/2-1/2"]
[WhiteElo "2200"]
[BlackElo "2228"]
[Annotator "ChessBase"]
[PlyCount "39"]
[EventDate "2018.09.15"]
[EventType "team-tourn"]
[EventCountry "CRO"]
[SourceTitle "playchess.com"]
[Source "ChessBase"]
[SourceQuality "1"]
[TimeControl "40/5400+30:1800+30"]

1. e4 {[%emt 0:00:30]} d6 {[%emt 0:03:30]} 2. d4 {[%emt 0:00:30]} Nf6 {[%emt 0:00:30]} 3. Nc3 {[%emt 0:00:30]} e5 {[%emt 0:00:00]} 4. Nf3 {[%emt 0:00:30]} Nbd7 {[%emt 0:00:00]} 5. Bc4 {[%emt 0:02:30]} Be7 {[%emt 0:02:30]} 6. O-O {[%emt 0:00:30]} O-O {[%emt 0:00:00]} 7. Re1 {[%emt 0:05:30]} c6 {[%emt 0:03:00]} 8. a4 {[%emt 0:01:30]} a5 {[%emt 0:00:00]} 9. Ba2 {[%emt 0:00:30]} exd4 {[%emt 0:17:00]} 10. Nxd4 {[%emt 0:03:30]} Nc5 {[%emt 0:06:30]} 11. h3 {[%emt 0:04:30]} Qb6 {[%emt 0:02:30]} 12. Nb3 {[%emt 0:25:30]} Nxb3 {[%emt 0:11:30]} 13. Bxb3 {[%emt 0:00:30]} Be6 {[%emt 0:00:30]} 14. Be3 {[%emt 0:06:30]} Qc7 {[%emt 0:05:30]} 15. Rc1 {[%emt 0:10:30]} Rad8 {[%emt 0:14:30]} 16. Qf3 {[%emt 0:14:49]} Bxb3 {[%emt 0:09:30]} 17. cxb3 {[%emt 0:00:30]} Qd7 {[%emt 0:00:30]} 18. Bb6 {[%emt 0:02:06]} Ra8 {[%emt 0:00:30]} 19. e5 {[%emt 0:04:04]} dxe5 {[%emt 0:07:19]} 20. Rxe5 {[%emt 0:00:00]} 1/2-1/2

[Event "27th CRO-chT 1B-Men 2018"]
[Site "Biograd"]
[Date "2018.09.23"]
[Round "9.25"]
[White "Ruck, Robert"]
[Black "Livaic, Leon"]
[Result "1/2-1/2"]
[WhiteElo "2505"]
[BlackElo "2483"]
[Annotator "TA"]
[PlyCount "79"]
[EventDate "2018.09.15"]
[EventType "team-tourn"]
[EventCountry "CRO"]
[SourceTitle "playchess.com"]
[Source "ChessBase"]
[SourceQuality "1"]

{[%evp 20,79,51,23,72,72,76,45,42,43,35,33,17,0,16,0,0,0,0,0,0,0,0,0,0,0,6,6,6,0,0,0,0,0,0,0,0,0,0,0,0,0,0,0,0,0,0,0,0,0,0,0,0,0,0,0,0,0,0,0,0,0]} 1. e4 c5 2. Nf3 d6 3. Bb5+ Nd7 4. d4 cxd4 5. Qxd4 a6 6. Bxd7+ Bxd7 7. c4 {B51: Sicilian: Moscow Variation (3 Bb5+) without 3...Bd7} (7. Nc3 e5 8. Qd3 h6 9. Nd2 Rc8 10. Nc4 Be6 11. Ne3 Nf6 12. Bd2 Be7 13. a4 O-O 14. O-O Qd7 15. a5 Rfd8 {½-½ (58) Duda,J (2737)-Nepomniachtchi,I (2757) Dortmund 2018}) 7... e5 8. Qd3 h6 9. Nc3 Nf6 10. O-O Rc8 11. b3 {LiveBook: 7 Games} Qc7 12. a4 Be7 13. Ba3 b5 14. axb5 axb5 15. Nxb5 Bxb5 16. cxb5 {[#] Hoping for Rfc1.The position is equal.} O-O $146 17. Rfc1 Qb7 18. Nd2 ({Reject} 18. Bxd6 Rxc1+ 19. Rxc1 Rd8 $19) 18... Rb8 19. Rc6 ({Of course not} 19. Bxd6 Rfd8 $17) 19... Rfd8 20. Rac1 {next Rc7 is good for White.} ({But not} 20. Bxd6 $2 Ne8 $19) 20... Qxb5 21. Qxb5 Rxb5 22. Rc8 {[#] And now Rxd8+ would win.} Rb8 23. Rxd8+ Rxd8 24. f3 Bf8 25. Nc4 d5 26. Bxf8 Kxf8 $11 {[%mdl 4096] Endgame KRN-KRN} 27. Rd1 Rb8 28. exd5 Rxb3 29. d6 Nd7 30. Ra1 f6 31. Ra7 Ke8 32. Kf2 Rd3 33. g4 g6 34. h4 Rd4 35. Rc7 Kd8 36. Rc6 Nb8 37. Rb6 Nd7 38. Rc6 Nb8 39. Rb6 Nd7 40. Rc6 {Precision: White = 80%, Black = 88%.} 1/2-1/2

[Event "27th CRO-chT 1B-Men 2018"]
[Site "Biograd"]
[Date "2018.09.24"]
[Round "9.26"]
[White "Plat, Vojtech"]
[Black "Horvath, Adam"]
[Result "1/2-1/2"]
[WhiteElo "2540"]
[BlackElo "2482"]
[Annotator "TA"]
[PlyCount "67"]
[EventDate "2018.09.15"]
[EventType "team-tourn"]
[EventCountry "CRO"]
[SourceTitle "playchess.com"]
[Source "ChessBase"]
[SourceQuality "1"]

{[%evp 33,67,16,33,-29,-29,-29,-29,-29,-29,-29,-30,-29,-29,-29,-29,-31,-30,-30,-30,-30,-30,-30,-30,-30,-30,-30,-30,-37,0,-8,-8,-8,0,0,0,0]} 1. e4 c5 2. Nf3 e6 3. d4 cxd4 4. Nxd4 Nc6 5. Nc3 Qc7 6. Be2 a6 7. Be3 Nf6 8. a3 Be7 9. O-O O-O 10. f4 d6 11. Kh1 Nxd4 12. Bxd4 b5 13. Qe1 Bb7 14. Qg3 Rad8 15. Bf3 {B85: Sicilian Scheveningen: 6 Be2 a6, lines with early Be3} (15. Rae1 Qd7 16. Bd3 Nh5 17. Qg4 Nf6 18. Qg3 Nh5 19. Qg4 Nf6 20. Qg3 Nh5 21. Qg4 Nf6 22. Qg3 {½-½ (24) Andreikin,D (2712)-Grischuk,A (2772) Huaian 2017}) 15... Bc6 16. Rad1 Qb7 17. Rfe1 g6 {[#] LiveBook: 3 Games} 18. Qg5 $146 ({Better is} 18. f5 $14) ({Predecessor:} 18. Rd3 Rfe8 19. Qh3 Nd7 20. f5 e5 21. Bf2 Nc5 22. Rd2 b4 23. Nd5 bxa3 24. Bxc5 dxc5 25. bxa3 {1-0 (38) Faber,H (2505)-Heinrich,O (2345) Remote email 2013}) 18... e5 $11 19. fxe5 Nxe4 $1 20. Qh6 Bg5 21. Qh3 Nxc3 22. Bxc6 Qxc6 23. Qxc3 Qxc3 24. Bxc3 dxe5 25. Bxe5 Rxd1 26. Rxd1 {[%mdl 4096] Endgame KRB-KRB} Re8 27. Bc3 Re2 28. g3 Rxc2 29. Rd6 f5 30. Rxa6 Bc1 31. a4 {The position is equal.} bxa4 32. Rxa4 Bxb2 33. Ra8+ Kf7 34. Ra7+ {Precision: White = 60%, Black = 78%.} 1/2-1/2

[Event "27th CRO-chT 1B-Men 2018"]
[Site "Biograd"]
[Date "2018.09.23"]
[Round "9.28"]
[White "Vujakovic, Branko"]
[Black "Martic, Zlatko"]
[Result "1/2-1/2"]
[WhiteElo "2340"]
[BlackElo "2244"]
[Annotator "TA"]
[PlyCount "60"]
[EventDate "2018.09.15"]
[EventType "team-tourn"]
[EventCountry "CRO"]
[SourceTitle "playchess.com"]
[Source "ChessBase"]
[SourceQuality "1"]

{[%evp 21,60,25,25,3,25,25,25,25,22,20,31,29,26,0,107,73,255,57,49,56,69,47,50,35,38,27,42,36,35,0,5,0,34,-24,-21,-11,-13,-66,-27,-19,-19]} 1. e4 c5 2. Nf3 e6 3. d4 cxd4 4. Nxd4 Nc6 5. Nc3 Qc7 6. Be2 a6 7. O-O b5 8. Nxc6 Qxc6 9. e5 Bb7 10. Bf3 Qc7 {B47: Sizilianisch (Paulsen/Taimanow-Variante)} 11. Bf4 Ne7 {LiveBook: 3 Partien} 12. Re1 Rc8 13. Bxb7 Qxb7 14. Ne4 Nd5 15. Bg5 $146 ({Vorgänger:} 15. Bg3 Be7 16. Bh4 Bf8 17. Qf3 h6 18. Rad1 {½-½ (55) Clemance,P (2315)-Hebert,J (2400) Saint John 1988}) 15... h6 16. Bh4 Qc6 17. c3 d6 (17... b4 $1 $11) 18. Bg3 {[%cal Re5d6]} ({Viel schwächer wäre} 18. exd6 $6 Bxd6 19. Qg4 O-O $14) 18... h5 $2 (18... dxe5 $16 19. Bxe5 Rg8) 19. h3 $2 ({Schwächer ist} 19. Nxd6+ Bxd6 20. exd6 h4 $16) (19. exd6 $18 h4 20. Be5) 19... dxe5 $14 20. Bxe5 f6 21. Bh2 {[#] Und weiter mit Sd6+! wäre nett.} Kf7 22. a4 b4 {[%cal Rb4c3]} 23. Qe2 bxc3 24. bxc3 e5 25. Rec1 Be7 26. c4 Nc7 27. f4 (27. Qf3 $14 Kg6 28. g4) 27... exf4 $11 28. Bxf4 Ne6 29. Bg3 ({Lieber} 29. Bh2 $11) 29... Nc5 30. Nxc5 Bxc5+ {Precision: Weiß = 25%, Schwarz = 43%.} 1/2-1/2

[Event "27th CRO-chT 1B-Men 2018"]
[Site "Biograd"]
[Date "2018.09.24"]
[Round "9.29"]
[White "Rubil, Marko"]
[Black "Brumen, Dinko"]
[Result "1/2-1/2"]
[WhiteElo "2201"]
[BlackElo "2315"]
[Annotator "ChessBase"]
[PlyCount "42"]
[EventDate "2018.09.15"]
[EventType "team-tourn"]
[EventCountry "CRO"]
[SourceTitle "playchess.com"]
[Source "ChessBase"]
[SourceQuality "1"]
[TimeControl "40/5400+30:1800+30"]

1. e4 {[%emt 0:00:30]} c5 {[%emt 0:00:30]} 2. Nf3 {[%emt 0:00:00]} Nc6 {[%emt 0:00:00]} 3. d4 {[%emt 0:00:00]} cxd4 {[%emt 0:00:00]} 4. Nxd4 {[%emt 0:00:00]} e5 {[%emt 0:00:00]} 5. Nb5 {[%emt 0:00:00]} d6 {[%emt 0:00:00]} 6. c4 {[%emt 0:00:30]} Be7 {[%emt 0:00:30]} 7. N1c3 {[%emt 0:02:30]} a6 {[%emt 0:00:30]} 8. Na3 {[%emt 0:00:00]} Be6 {[%emt 0:00:30]} 9. Nc2 {[%emt 0:00:00]} h6 {[%emt 0:00:00]} 10. Be2 {[%emt 0:01:30]} Rc8 {[%emt 0:01:00]} 11. b3 {[%emt 0:16:30]} Nf6 {[%emt 0:14:30]} 12. O-O {[%emt 0:04:30]} O-O {[%emt 0:00:30]} 13. Bb2 {[%emt 0:07:30]} Qa5 {[%emt 0:15:30]} 14. Qe1 {[%emt 0:13:30]} Bd8 {[%emt 0:18:30]} 15. Rd1 {[%emt 0:02:30]} Nb4 {[%emt 0:10:30]} 16. Ne3 {[%emt 0:02:30]} Nc6 {[%emt 0:13:30]} 17. Ned5 {[%emt 0:13:30]} Bxd5 {[%emt 0:02:30]} 18. exd5 {[%emt 0:00:30]} Nd4 {[%emt 0:00:30]} 19. Bd3 {[%emt 0:00:30]} b5 {[%emt 0:04:58]} 20. Kh1 {[%emt 0:17:55]} bxc4 {[%emt 0:01:14]} 21. bxc4 {[%emt 0:00:01]} Nh5 {[%emt 0:06:16]} 1/2-1/2

[Event "27th CRO-chT 1B-Men 2018"]
[Site "Biograd"]
[Date "2018.09.24"]
[Round "9.30"]
[White "Blazeka, Matej"]
[Black "Matanovic, Luka"]
[Result "1/2-1/2"]
[WhiteElo "2354"]
[BlackElo "2252"]
[Annotator "ChessBase"]
[PlyCount "48"]
[EventDate "2018.09.15"]
[EventType "team-tourn"]
[EventCountry "CRO"]
[SourceTitle "playchess.com"]
[Source "ChessBase"]
[SourceQuality "1"]
[TimeControl "40/5400+30:1800+30"]

1. d4 {[%emt 0:00:30]} d5 {[%emt 0:02:30]} 2. c4 {[%emt 0:00:00]} c6 {[%emt 0:00:30]} 3. Nc3 {[%emt 0:03:00]} Nf6 {[%emt 0:00:30]} 4. cxd5 {[%emt 0:08:30]} cxd5 {[%emt 0:00:30]} 5. Nf3 {[%emt 0:00:00]} Nc6 {[%emt 0:01:30]} 6. Bf4 {[%emt 0:00:00]} e6 {[%emt 0:01:30]} 7. e3 {[%emt 0:01:30]} a6 {[%emt 0:02:30]} 8. Bd3 {[%emt 0:01:30]} Be7 {[%emt 0:00:30]} 9. h3 {[%emt 0:00:30]} O-O {[%emt 0:01:30]} 10. O-O {[%emt 0:00:30]} Bd7 {[%emt 0:03:30]} 11. Rc1 {[%emt 0:11:30]} Qa5 {[%emt 0:06:30]} 12. a3 {[%emt 0:09:30]} Rfc8 {[%emt 0:02:30]} 13. e4 {[%emt 0:13:30]} dxe4 {[%emt 0:16:30]} 14. Nxe4 {[%emt 0:04:30]} Rd8 {[%emt 0:05:30]} 15. Qb3 {[%emt 0:05:30]} Qd5 {[%emt 0:08:30]} 16. Nxf6+ {[%emt 0:18:19]} Bxf6 {[%emt 0:00:30]} 17. Qxd5 {[%emt 0:00:29]} exd5 {[%emt 0:00:30]} 18. Rfd1 {[%emt 0:00:43]} h6 {[%emt 0:07:30]} 19. Bb1 {[%emt 0:01:38]} g5 {[%emt 0:09:30]} 20. Be5 {[%emt 0:09:41]} Be7 {[%emt 0:10:38]} 21. Ba2 {[%emt 0:01:59]} Be6 {[%emt 0:01:42]} 22. Bc7 {[%emt 0:02:27]} Rd7 {[%emt 0:01:54]} 23. Bb6 {[%emt 0:03:02]} Bf6 {[%emt 0:00:33]} 24. Bb3 {[%emt 0:00:46]} Re7 {[%emt 0:06:16]} 1/2-1/2